header

A first course in combinatorial optimization (Record no. 108977)

MARC details
000 -LEADER
fixed length control field 01612nam a2200361Ia 4500
082 04 - DEWEY DECIMAL CLASSIFICATION NUMBER
Classification number 519.6/4
100 1# - MAIN ENTRY--AUTHOR NAME
Personal name Lee, Jon,
245 12 - TITLE STATEMENT
Title A first course in combinatorial optimization
260 ## - PUBLICATION, DISTRIBUTION, ETC. (IMPRINT)
Place of publication Cambridge, UK ;
-- New York :
Name of publisher Cambridge University Press,
Year of publication 2004.
300 ## - PHYSICAL DESCRIPTION
Number of Pages xvi, 211 p. :
Other physical details ill.
490 1# - SERIES STATEMENT
Series statement Cambridge texts in applied mathematics
505 0# - FORMATTED CONTENTS NOTE
Formatted contents note Polytopes and Linear Programming -- 1. Matroids and the Greedy Algorithm -- 2. Minimum-Weight Dipaths -- 3. Matroid Intersection -- 4. Matching -- 5. Flows and Cuts -- 6. Cutting Planes -- 7. Branch-&-Bound -- 8. Optimizing Submodular Functions.
650 #0 - SUBJECT ADDED ENTRY--TOPICAL TERM
Topical Term Combinatorial optimization.
Topical Term Combinatorial analysis.
856 40 - ELECTRONIC LOCATION AND ACCESS
Uniform Resource Identifier http://site.ebrary.com/lib/rucke/Doc?id=10124656

No items available.

© 2026 Rongo University
Contact us: librarian | system librarian | Rongo university